| 000 | 00633nam a22001937a 4500 | ||
|---|---|---|---|
| 005 | 20150903111004.0 | ||
| 010 | _aENG-113448 | ||
| 020 |
_c795.00 _a9789350355138 |
||
| 035 | _aEN-96980 | ||
| 037 | _bDBAD/PUB | ||
| 082 | _a340.092254 | ||
| 100 | _aTahir Mahmood | ||
| 245 |
_aReminiscing on law brains : _cby Tahir Mahmood _bbench, bar and academia / |
||
| 260 |
_aDelhi _bUniversal Law Publishing _c2015 |
||
| 270 |
_aA-58, G.T. Karnal Road Industrial Area, _bDelhi _e110033 |
||
| 300 |
_axiv,426p. _c25cm(Hb) |
||
| 500 | _aIncludes bibliographical references and index | ||
| 942 |
_2ddc _cEN _mTAH _h340.092254 |
||
| 999 |
_c94857 _d94857 |
||